000 00516nam a2200157 a 4500
001 000045860
005 20201002052504.0
008 150522s1996 dr 000 p spa d
040 _aDO-SdBNP
_bspa
_cBNPHU
100 1 _aDe la Cruz, Domingo
_973931
245 1 0 _a"Entre tiempos" /
_cDomingo De la Cruz.
260 _aSantiago de los Caballeros, República Dominicana, :
_bL. H. Cruz,
_c1996.
490 1 _aCruvisión
590 _aPerteneció a la biblioteca personal de Erick Landestoy
830 0 _aCruvisión
_973932
999 _c45349
_d45349